[Event "Autumn Equinox Open 1"]
[Site "SchemingMind.com"]
[Date "2018.11.02"]
[Round "-"]
[White "capablanca"]
[Black "Aba"]
[Result "0-1"]
[WhiteCountry "GER"]
[BlackCountry "ISR"]
[WhiteElo "1748"]
[WhiteRD "65"]
[BlackElo "1830"]
[BlackRD "68"]
[GameID "434181"]

1. d4 e6 2. Nf3 Nf6 3. Nc3 Bb4 4. Bd2 Nc6 5. e3 a6 6. Bd3 d5 7. O-O h6 8. a3 Bd6 9. Ne2 e5 10. dxe5 Nxe5
11. Nxe5 Bxe5 12. Nd4 c5 13. Nb3 c4 14. Bxc4 dxc4 15. Nc1 Bxb2 16. Ra2 Bxc1 17. Bxc1 O-O 18. Bb2 Be6 19. Ra1 Qxd1 20. Raxd1 Rfd8
21. Bd4 b5 22. Bb6 Rxd1 23. Rxd1 Nd5 24. Ba5 f5 25. Kf1 Rb8 26. Rd4 g5 27. Ke2 Re8 28. f3 Bf7 29. Bd2 Kh7 30. Kf2 Kg6
31. c3 Be6 32. h3 a5 33. g4 fxg4 34. hxg4 Re7 35. e4 Nc7 36. Rd6 Rd7 37. Rxd7 Bxd7 38. Be3 Na6 39. Bb6 b4 40. cxb4 axb4
41. axb4 Nxb4 42. Ke3 Ba4 43. Kd4 Bb3 44. Kc3 Nc6 45. Bc7 Kf7 46. Bd6 Kf6 47. Bf8 Ne5 48. Bxh6 Nxf3 49. Bf8 Ke5
0-1

[Event "Autumn Equinox Open 1"]
[Site "SchemingMind.com"]
[Date "2018.11.01"]
[Round "-"]
[White "Aba"]
[Black "capablanca"]
[Result "1-0"]
[WhiteCountry "ISR"]
[BlackCountry "GER"]
[WhiteElo "1804"]
[WhiteRD "69"]
[BlackElo "1790"]
[BlackRD "74"]
[GameID "434182"]

1. e4 e5 2. Nf3 Nc6 3. Bc4 Nf6 4. d4 exd4 5. Nxd4 Nxd4 6. Qxd4 d6 7. Nc3 Be6 8. Bg5 Bxc4 9. Qxc4 Be7 10. h3 h6
11. Bf4 Nd7 12. O-O-O Nb6 13. Qb3 Bf6 14. e5 Be7 15. Rhe1 O-O 16. Nd5 Bg5 17. Bxg5 Qxg5+ 18. f4 Qd8 19. exd6 Nxd5 20. Qxd5 Qxd6
21. Qxd6 cxd6 22. Rxd6 b6 23. c4 Rac8 24. b3 b5 25. Re4 bxc4 26. Rxc4 Rfe8 27. Rxc8 Rxc8+ 28. Kb2 Rc7 29. a4 Kf8 30. g3 Ke7
31. Rd4 Ke6 32. b4 g5 33. b5 f6 34. g4 f5 35. fxg5 hxg5 36. gxf5+ Kxf5 37. Rd5+ Kf4 38. a5 Rh7 39. Rd3 Rb7 40. Rb3 Ke5
41. Kc3 Kd5 42. Kb4 Rh7 43. a6 Rh4+ 44. Ka5 Rh7 45. b6 axb6+ 46. Kxb6 Rh6+ 47. Ka5 Kc5 48. a7 Rh8 49. Rc3+
1-0

[Event "Autumn Equinox Open 1"]
[Site "SchemingMind.com"]
[Date "2018.11.02"]
[Round "-"]
[White "echecs"]
[Black "Aba"]
[Result "1-0"]
[WhiteCountry "ENG"]
[BlackCountry "ISR"]
[WhiteElo "1866"]
[WhiteRD "62"]
[BlackElo "1804"]
[BlackRD "69"]
[GameID "434183"]

1. e4 e5 2. Nf3 Nc6 3. Bc4 Bc5 4. O-O h6 5. Nc3 a6 6. a3 d6 7. b4 Ba7 8. h3 Nf6 9. Re1 b5 10. Bb3 Bb7
11. Bb2 Qe7 12. d3 Nd4 13. Ba2 g5 14. Nh2 O-O-O 15. a4 bxa4 16. Nxa4 Rdf8 17. c3 Ne6 18. Bc1 Bc6 19. Bc4 Bb7 20. Nb2 Nh7
21. Bxa6 f5 22. Bxb7+ Kxb7 23. Be3 Bxe3 24. Rxe3 c6 25. Nc4 d5 26. Nxe5 Qf6 27. Nd7 Qxc3 28. Nxf8 Nhxf8 29. exd5 Nc7 30. d6 Nd5
31. Re8 Nb6 32. Ra5 Qxb4 33. Qa1 Nc8 34. Ra8
1-0

[Event "Autumn Equinox Open 1"]
[Site "SchemingMind.com"]
[Date "2018.11.02"]
[Round "-"]
[White "Aba"]
[Black "echecs"]
[Result "0-1"]
[WhiteCountry "ISR"]
[BlackCountry "ENG"]
[WhiteElo "1804"]
[WhiteRD "69"]
[BlackElo "1866"]
[BlackRD "62"]
[GameID "434184"]

1. e4 e5 2. Nf3 Nc6 3. Bc4 Bc5 4. c3 d6 5. d4 exd4 6. cxd4 Bb4+ 7. Nbd2 Nge7 8. a3 Ba5 9. b4 Bb6 10. Nb3 Bg4
11. Be3 O-O 12. h3 Bh5 13. g4 Bg6 14. Qd3 d5 15. Bxd5 Nxd5 16. Nfd2 Nxe3 17. fxe3 Re8 18. h4 Ne5 19. Qe2 Nc6 20. e5 f6
21. exf6 Bxd4 22. Nxd4 Nxd4 23. Qc4+ Kh8 24. Kf2 Qxf6+ 25. Kg1 Nf3+ 26. Nxf3 Qxa1+
0-1

[Event "Autumn Equinox Open 1"]
[Site "SchemingMind.com"]
[Date "2018.11.05"]
[Round "-"]
[White "Aba"]
[Black "The Stonewall"]
[Result "0-1"]
[WhiteCountry "ISR"]
[BlackCountry "ENG"]
[WhiteElo "1804"]
[WhiteRD "69"]
[BlackElo "2293"]
[BlackRD "81"]
[GameID "434186"]

1. e4 e6 2. d4 d5 3. Nc3 Bb4 4. e5 c5 5. a3 Bxc3+ 6. bxc3 Qa5 7. Bd2 Qa4 8. Qb1 c4 9. Nf3 Nc6 10. g4 Bd7
11. h3 O-O-O 12. Be2 f6 13. Qb2 b6 14. O-O h5 15. g5 fxe5 16. Nxe5 Nxe5 17. dxe5 Ne7 18. Rfc1 Rdf8 19. Rf1 Nc6 20. f4 Be8
21. h4 Bg6 22. Rfc1 Be4 23. Rab1 Ne7 24. Qb4 Qxb4 25. cxb4 Ng6 26. Rf1 Bxc2 27. Rbc1 Bf5 28. Be1 Bh3 29. Rf3 Bg4 30. Rf2 Bxe2
31. Rxe2 Rxf4 32. Rh2 Rhf8 33. Bg3 Rf3 34. Kg2 Rxa3
0-1

[Event "Autumn Equinox Open 1"]
[Site "SchemingMind.com"]
[Date "2018.11.02"]
[Round "-"]
[White "Aba"]
[Black "Phillip Beckett"]
[Result "1-0"]
[WhiteCountry "ISR"]
[BlackCountry "ENG"]
[WhiteElo "1804"]
[WhiteRD "69"]
[BlackElo "1536"]
[BlackRD "53"]
[GameID "434187"]

1. e4 e5 2. Nf3 Nc6 3. Bc4 Nf6 4. d4 exd4 5. Nxd4 d6 6. f3 Be7 7. Nxc6 bxc6 8. Nc3 Bd7 9. Be3 O-O 10. Qe2 c5
11. O-O-O a6 12. g4 Ne8 13. h4 Qc8 14. Nd5 Qd8 15. Nxe7+ Qxe7 16. Qg2 Nf6 17. h5 Rab8 18. g5 Ne8 19. f4 Bc6 20. Bd3 d5
21. Rde1 dxe4 22. Bc4 Nd6 23. Bb3 c4 24. Bc5 cxb3 25. axb3 Rb5 26. b4 Rfb8 27. f5 a5 28. c3 axb4 29. cxb4 Qe5 30. f6 Rxc5+
31. bxc5 Qxc5+ 32. Qc2 Qxc2+ 33. Kxc2 Bd5 34. Rhg1 Nc4 35. Rb1 e3 36. Kd3 Nxb2+ 37. Kxe3 Ba2 38. Rbc1 Re8+ 39. Kd2 Nc4+ 40. Kc3 Nd6
41. Kb2 Be6 42. Rxc7 g6 43. hxg6 hxg6 44. Rc2 Nc4+ 45. Kc3 Nd6 46. Rh2 Rc8+ 47. Kb4 Rc4+ 48. Ka5 Rc5+ 49. Kb6 Rc3 50. Rgh1 Nc4+
51. Kb5 Nd6+ 52. Kb4 Rc4+ 53. Ka5 Rc5+ 54. Kb6
1-0

[Event "Autumn Equinox Open 1"]
[Site "SchemingMind.com"]
[Date "2018.11.02"]
[Round "-"]
[White "Phillip Beckett"]
[Black "Aba"]
[Result "0-1"]
[WhiteCountry "ENG"]
[BlackCountry "ISR"]
[WhiteElo "1536"]
[WhiteRD "53"]
[BlackElo "1804"]
[BlackRD "69"]
[GameID "434188"]

1. d4 d5 2. c4 Nf6 3. Nc3 Nc6 4. cxd5 Nxd5 5. e4 Nf6 6. Nf3 Bg4 7. Be3 e6 8. Be2 Bb4 9. e5 Nd5 10. Bd2 f6
11. Nxd5 Qxd5 12. Bxb4 Nxb4 13. a3 Nc6 14. h3 Bh5 15. O-O g5 16. Nxg5 Bxe2 17. Qxe2 fxg5 18. Qh5+ Kd7 19. Qf7+ Ne7 20. f4 Qxd4+
21. Kh1 Raf8 22. Rad1 Rxf7 23. Rxd4+ Nd5 24. f5 c6 25. fxe6+ Kxe6 26. Rxf7 Kxf7 27. b4 Re8 28. b5 Ke6 29. bxc6 bxc6 30. Ra4 Re7
31. Ra6 Rc7 32. g4 Kxe5 33. Kg2 c5
0-1

[Event "Autumn Equinox Open 1"]
[Site "SchemingMind.com"]
[Date "2018.11.02"]
[Round "-"]
[White "Aba"]
[Black "Goz"]
[Result "1-0"]
[WhiteCountry "ISR"]
[BlackCountry "ENG"]
[WhiteElo "1830"]
[WhiteRD "68"]
[BlackElo "1589"]
[BlackRD "67"]
[GameID "434189"]

1. e4 e5 2. Nf3 d6 3. d4 f6 4. d5 c5 5. Nc3 a6 6. Bd2 b5 7. h3 Ne7 8. g4 Ng6 9. Ne2 Nd7 10. h4 Nb6
11. Bh3 Bb7 12. Ba5 b4 13. b3 Ne7 14. g5 Nec8 15. c3 Na7 16. c4 Bc8 17. Qd2 Be7 18. Rc1 O-O 19. Ng3 g6 20. gxf6 Rxf6
21. Ng5 Rf4 22. Be6+ Kg7 23. Ne2 Rf8 24. f4 Bxg5 25. hxg5 Bxe6 26. dxe6 Nac8 27. Ng3 Rxf4 28. Qh2 Qg8 29. e7 Nxe7 30. Bxb6 Nc6
31. Qh3 Rf7 32. Rd1 Nd4 33. Ne2 Nc2+ 34. Kd2 Nd4 35. Nxd4 cxd4 36. Rh2 Kh8 37. Rf1 Raf8 38. Rxf7 Rxf7 39. Ba5 Rf4 40. Bxb4 Qf8
41. Qxh7#
1-0

[Event "Autumn Equinox Open 1"]
[Site "SchemingMind.com"]
[Date "2018.11.02"]
[Round "-"]
[White "Goz"]
[Black "Aba"]
[Result "1/2-1/2"]
[WhiteCountry "ENG"]
[BlackCountry "ISR"]
[WhiteElo "1589"]
[WhiteRD "67"]
[BlackElo "1830"]
[BlackRD "68"]
[GameID "434190"]

1. d4 f5 2. e3 d5 3. Qh5+ g6 4. Qd1 Nf6 5. Nf3 Nc6 6. Bb5 Bd7 7. Bxc6 Bxc6 8. Nbd2 e6 9. Ne5 Bd6 10. Nxc6 bxc6
11. O-O c5 12. c3 cxd4 13. exd4 h6 14. Nf3 g5 15. a4 c6 16. a5 Qc7 17. g3 O-O-O 18. a6 Rdg8 19. Re1 Ne4 20. Nd2 g4
21. b4 Nxc3 22. Qb3 Ne4 23. b5 Kd7 24. Nxe4 fxe4 25. Bd2 Rb8 26. bxc6+ Qxc6 27. Qa4 e5 28. Be3 Qxa4 29. Rxa4 exd4 30. Bxd4 Rhc8
31. Bxa7 Ra8 32. Be3 h5 33. Rb1 Rc6 34. Rb7+ Kc8 35. Rh7 Raxa6 36. Rxa6 Rxa6 37. Rxh5 Ra1+ 38. Kg2 Rd1 39. Rg5 d4 40. Rd5 Bc7
41. Rxd4 Rxd4 42. Bxd4 Kd7 43. h3 gxh3+ 44. Kxh3 Ke6 45. Kg4 Kd5 46. Be3 Ke6 47. f3 exf3 48. Kxf3 Bxg3
1/2-1/2

[Event "Autumn Equinox Open 1"]
[Site "SchemingMind.com"]
[Date "2018.11.02"]
[Round "-"]
[White "Aba"]
[Black "Holty"]
[Result "1-0"]
[WhiteCountry "ISR"]
[BlackCountry "ENG"]
[WhiteElo "1804"]
[WhiteRD "69"]
[BlackElo "1734"]
[BlackRD "60"]
[GameID "434191"]

1. e4 e6 2. d4 d5 3. Nc3 Bd7 4. e5 c5 5. Nf3 Nc6 6. Be3 cxd4 7. Nxd4 a6 8. f4 Be7 9. g4 Bh4+ 10. Kd2 Be7
11. a3 Qc7 12. b4 b5 13. h4 f6 14. Nxc6 Qxc6 15. Bd4 Bf8 16. g5 Be7 17. Ne2 f5 18. Ng3 O-O-O 19. Rh3 g6 20. Nxf5 gxf5
21. Rc3 Qxc3+ 22. Bxc3 Kb7 23. h5 Be8 24. Bd4 Bf8 25. Be2 Ne7 26. Qg1 Rg8 27. Ba7 Nc8 28. Bf2 Rg7 29. c3 h6 30. Bd1 Be7
31. g6 Nb6 32. Bxb6 Rc8 33. a4 Rc4 34. Be2 Rxf4 35. axb5 Rg4 36. bxa6+ Ka8 37. Bxg4 Bg5+ 38. Kc2 fxg4 39. Qc5
1-0

[Event "Autumn Equinox Open 1"]
[Site "SchemingMind.com"]
[Date "2018.11.02"]
[Round "-"]
[White "Holty"]
[Black "Aba"]
[Result "0-1"]
[WhiteCountry "ENG"]
[BlackCountry "ISR"]
[WhiteElo "1734"]
[WhiteRD "60"]
[BlackElo "1804"]
[BlackRD "69"]
[GameID "434192"]

1. d4 f5 2. g3 Nf6 3. Bg2 e6 4. c4 d5 5. Nf3 Be7 6. b3 Nc6 7. Nbd2 h6 8. Ne5 Nxd4 9. e3 Nc6 10. Ng6 Rg8
11. Nf3 Bd6 12. a3 Ne7 13. Nfe5 Nxg6 14. Nxg6 Kf7 15. Nh4 g5 16. Nf3 c6 17. Bb2 Re8 18. Be5 g4 19. Bxf6 Qxf6 20. Nd2 h5
21. f4 e5 22. cxd5 e4 23. O-O cxd5 24. b4 b6 25. Rf2 Ba6 26. Bf1 Bb7 27. Nb3 h4 28. Nd4 hxg3 29. hxg3 Rh8 30. Rc1 Qh6
31. Bg2 Qh5 32. Kf1 Kf6 33. Nb5 Ba6 34. a4 Qf7 35. Kg1 Bxb5 36. axb5 Rad8 37. Rc6 Ke7 38. Ra2 Rd7 39. Qd2 Bb8 40. Qc3 d4
41. exd4 Qxa2 42. d5 Rf8 43. Qg7+ Rf7 44. Re6+ Kd8 45. Qg8+ Kc7 46. Rc6+ Kb7 47. Rc8 Bd6 48. Ra8 Qa1+ 49. Bf1 Qd4+ 50. Kg2 Qd2+
51. Kg1 Qe3+ 52. Kg2 Qf3+ 53. Kh2 Qf2+ 54. Bg2 Rh7+
0-1